[Event "Agneaux St Lo op 15th"]
[Site "Agneaux"]
[Date "2013.07.07"]
[Round "1"]
[White "Le Bris, Yann"]
[Black "Cortes, Remy"]
[Result "1-0"]
[WhiteElo "1910"]
[BlackElo "1559"]
[PlyCount "52"]
[EventDate "2013.07.07"]
[EventType "swiss"]
[EventRounds "9"]
[EventCountry "FRA"]
[SourceTitle "EXT 2014"]
[Source "ChessBase"]
[SourceDate "2013.11.20"]
[SourceVersion "1"]
[SourceVersionDate "2013.11.20"]
[SourceQuality "1"]

1. e4 e6 2. d4 d5 3. e5 c5 4. c3 Nc6 5. Nf3 Qb6 6. Be2 Bd7 7. 0-0 cxd4 8. cxd4 Nge7 9. Nc3 Nf5 10. Na4 Qc7 11. a3 a5 12. Bf4 b6 13. Nc3 Na7 14. Qd2 Be7 15. Nxd5 Qd8 16. Nxe7 Qxe7 17. g4 Nh6 18. Bxh6 gxh6 19. Qxh6 Bb5 20. Bxb5+ Nxb5 21. Rac1 Kd7 22. d5 Rac8 23. dxe6+ Qxe6 24. Rfd1+ Ke7 25. Qh4+ f6 26. exf6+ Kf7 1-0